Línea de fuego /
Gardado en:
| Autor Principal: | |
|---|---|
| Formato: | Libro |
| Idioma: | Spanish |
| Publicado: |
Ciudad de La Habana :
Casa de las Américas,
1978
|
| Materias: | |
| Etiquetas: |
Engadir etiqueta
Sen Etiquetas, Sexa o primeiro en etiquetar este rexistro!
|
MARC
| LEADER | 00000nam a2200000 i 4500 | ||
|---|---|---|---|
| 001 | 1812322 | ||
| 005 | 20200117150444.0 | ||
| 008 | 790706s1978 cu f000 0 spa | ||
| 040 | |a DLC |c DLC |d DLC | ||
| 082 | 0 | 0 | |a N861.44 |b B443L |
| 100 | 1 | |a Belli, Gioconda |d 1948- | |
| 245 | 1 | 0 | |a Línea de fuego / |c Gioconda Belli |
| 260 | |a Ciudad de La Habana : |b Casa de las Américas, |c 1978 | ||
| 300 | |a 89 páginas | ||
| 650 | 1 | 0 | |9 54 |a LITERATURA NICARAGUENSE |v POESIA |
| 942 | |2 ddc |c BK | ||
| 999 | |c 3307 |d 3307 | ||
